[Event "Tourn. n9435"]
[Site "www.chess-mail.com"]
[Date "2017.07.25"]
[Round "1"]
[White "Astroboy"]
[Black "Add"]
[WhiteElo "2220"]
[BlackElo "2250"]
[Result "1-0"]
[Round "1"]
1.e4 d5
2.exd5 Qd8xd5
3.Nb1c3 Qd5e5
4.Bf1e2 Ng8f6
5.Ng1f3 Qe5d6
6.d4 h6
7.h3 e6
8.Bc1e3 a6
9.Qd1d2 Qd6b4
10.Nf3e5 Bf8d6
11.a3 Qb4xb2
12.Ra1b1 Qb2xa3
13.Ne5c4 Nf6e4
14.Nc3xe4 Qa3a4
15.Ne4xd6 cxd6
16.Nc4b6 Qa4a2
17.O-O O-O
18.Nb6xa8 Qa2d5
19.Na8b6 Qd5c6
20.Be3xh6 gxh6
21.Qd2xh6 f5
22.Qh6g6 Kh8
23.Qg6h6 Kg8
24.Rb1b3 f4
25.Be2g4 Qc6xc2
26.Bg4xe6 Bc8xe6
27.Qh6xe6 Rf8f7
28.Rb3g3 fxg3
29.fxg3 Qc2c7
30.Nb6d5 { resign }
1-0

[Event "Match"]
[Site "www.echecsemail.com"]
[Date "2017.07.25"]
[Round "1"]
[White "Castletyme"]
[Black "Calponas"]
[WhiteElo "2020"]
[BlackElo "2040"]
[Result "1-0"]
[Round "1"]
1.e4 c5
2.Ng1f3 d6
3.Bf1e2 Ng8f6
4.d3 Nb8c6
5.c3 e6
6.O-O Bf8e7
7.Nb1d2 Bc8d7
8.Rf1e1 O-O
9.Nd2f1 Qd8c7
10.Nf1g3 b5
11.a3 a5
12.b3 a4
13.b4 cxb4
14.cxb4 Ra8c8
15.Bc1b2 Nc6e5
16.Bb2xe5 dxe5
17.Qd1d2 Nf6g4
18.Nf3g5 f5
{ time. }
1-0

[Event "Match"]
[Site "www.echecsemail.com"]
[Date "2017.07.25"]
[Round "1"]
[White "Cjood"]
[Black "Gilliere"]
[WhiteElo "1950"]
[BlackElo "2120"]
[Result "1/2-1/2"]
[Round "1"]
1.Ng1f3 Ng8f6
2.b3 Nb8c6
3.Bc1b2 e6
4.d4 d5
5.e3 Bc8d7
6.Nb1d2 Bf8e7
7.g3 O-O
8.Bf1d3 h6
9.c4 dxc4
10.Nd2xc4 Be7b4
11.Nc4d2 Nf6d5
12.a3 Bb4xd2
13.Qd1xd2 Nd5f6
14.a4 Nf6d5
15.Bb2a3 Rf8e8
16.e4 Nd5e7
17.O-O Ne7g6
18.Ra1e1 a6
19.e5 Nc6e7
20.Bd3xg6 Ne7xg6
21.Re1e4 Bd7c6
22.Re4e3 Bc6xf3
23.Re3xf3 Qd8d5
24.Rf3d3 b5
25.Ba3b2 bxa4
26.bxa4 Qd5c4
27.Rf1a1 c5
28.dxc5 Qc4xc5
29.Bb2d4 Qc5c6
30.Rd3c3 Qc6b7
31.a5 { draw }
1/2-1/2

[Event "Match"]
[Site "www.echecsemail.com"]
[Date "2017.07.25"]
[Round "1"]
[White "Juodivarnai"]
[Black "Chapi"]
[WhiteElo "2090"]
[BlackElo "2140"]
[Result "0-1"]
[Round "1"]
1.e4 c5
2.Ng1f3 Nb8c6
3.Bf1b5 g6
4.O-O Bf8g7
5.c3 Ng8f6
6.e5 Nf6g4
7.d4 cxd4
8.cxd4 a6
9.Bb5xc6 bxc6
10.h3 Ng4h6
11.Nb1c3 d6
12.Bc1e3 Nh6f5
13.Be3f4 O-O
14.Qd1d2 c5
15.g4 cxd4
16.Nc3e4 dxe5
17.Bf4xe5 Nf5h4
18.Nf3xh4 Bg7xe5
19.Ra1d1 Qd8d5
20.Ne4g5 Bc8b7
21.f3 f6
22.Ng5e4 g5
23.Nh4f5 Ra8e8
24.Nf5xd4 Qd5xa2
25.Ne4c5 Bb7c8
26.Rd1a1 Qa2d5
27.Rf1d1 Qd5xc5
{ resign }
0-1

[Event "Match"]
[Site "www.echecsemail.com"]
[Date "2017.07.25"]
[Round "1"]
[White "Chapi"]
[Black "Cjood"]
[WhiteElo "2170"]
[BlackElo "1910"]
[Result "1-0"]
[Round "1"]
1.d4 c5
2.c3 cxd4
3.cxd4 Ng8f6
4.Nb1c3 d5
5.Ng1f3 Nb8c6
6.Bc1g5 Nf6e4
7.Nc3xe4 dxe4
8.Nf3e5 Qd8xd4
9.Ne5xc6 Qd4xd1
10.Ra1xd1 bxc6
11.g3 f6
12.Bg5e3 Bc8b7
13.Bf1h3 g5
14.O-O e5
15.Bh3f5 c5
16.Rd1c1 h5
17.Be3xc5 Bf8xc5
18.Rc1xc5 O-O
19.Rc5c4 Ra8b8
20.b3 Bb7d5
21.Rc4a4 Rb8b7
22.Rf1d1 Bd5c6
23.Bf5xe4 Bc6xa4
24.Be4xb7 Ba4b5
25.e4 Bb5e2
26.Rd1d7 a6
27.Rd7d6 Rf8f7
28.Bb7d5 h4
29.Rd6xf6 Be2h5
30.Bd5xf7 Bh5xf7
31.Rf6xa6 h3
32.Ra6a5 { resign }
1-0

[Event "Match"]
[Site "www.echecsemail.com"]
[Date "2017.07.25"]
[Round "1"]
[White "Fangshuo"]
[Black "Blackygrey"]
[WhiteElo "2120"]
[BlackElo "1499"]
[Result "0-1"]
[Round "1"]
1.e4 c5
2.Ng1f3 d6
3.c3 Ng8f6
4.Bf1c4 Nb8c6
5.d4 cxd4
6.Bc4xf7 Kxf7
7.Nf3g5 Kg8
8.Qd1b3 d5
9.cxd4 Nc6xd4
10.Qb3d3 dxe4
11.Qd3c4 Qd8d5
12.Qc4xd5 Nf6xd5
13.Nb1a3 e5
14.Ng5xe4 Bf8xa3
{ resign }
0-1

[Event "Match"]
[Site "www.echecsemail.com"]
[Date "2017.07.25"]
[Round "1"]
[White "Cjood"]
[Black "Fangshuo"]
[WhiteElo "1910"]
[BlackElo "2040"]
[Result "1-0"]
[Round "1"]
1.g3 e5
2.Bf1g2 Ng8f6
3.c4 Bf8c5
4.Qd1b3 c6
5.e3 e4
6.Nb1c3 d5
7.cxd5 cxd5
8.Qb3b5 Nf6d7
9.Nc3xd5 a6
10.Qb5c4 b5
11.Qc4xe4 Kf8
12.Nd5c7 Ra8a7
13.Nc7d5 Nd7f6
14.Nd5xf6 Qd8xf6
15.Ng1e2 Bc8b7
16.Qe4g4 Bb7xg2
17.Qg4c8 Ke7
18.Qc8xc5 Ke8
19.Qc5xa7 Bg2xh1
20.Qa7xb8 Qf6d8
21.Qb8e5 { resign }
1-0

[Event "Match"]
[Site "www.echecsemail.com"]
[Date "2017.07.25"]
[Round "1"]
[White "Micheles"]
[Black "Ericleo1980"]
[WhiteElo "2490"]
[BlackElo "2200"]
[Result "1-0"]
[Round "1"]
1.d4 d5
2.Ng1f3 Ng8f6
3.Bc1g5 Nb8d7
4.Nb1d2 c6
5.e3 e6
6.Bf1d3 Qd8c7
7.O-O Bf8d6
8.c4 b6
9.cxd5 cxd5
10.Ra1c1 Qc7b8
11.e4 dxe4
{ time. }
1-0

[Event "Match"]
[Site "www.echecsemail.com"]
[Date "2017.07.25"]
[Round "1"]
[White "Osvalazo"]
[Black "Cjood"]
[WhiteElo "1840"]
[BlackElo "1930"]
[Result "0-1"]
[Round "1"]
1.e4 e5
2.Ng1f3 Nb8c6
3.Bf1c4 Ng8f6
4.Nf3g5 d5
5.exd5 Nc6a5
6.Bc4b5 c6
7.dxc6 bxc6
8.Bb5a4 Nf6d5
9.d3 Bf8c5
10.Qd1h5 g6
11.Qh5h6 Qd8f6
12.O-O Bc8d7
13.Ba4b3 Bc5f8
14.Qh6h4 h6
15.Ng5f3 g5
16.Qh4a4 Qf6d8
17.Bb3xd5 cxd5
18.Bc1xg5 hxg5
19.Qa4xd7 Qd8xd7
20.Nf3xe5 Qd7c7
21.Rf1e1 O-O-O
22.Nb1c3 Bf8g7
23.Ne5f3 g4
24.Nf3d2 Qc7xh2
25.Kf1 Qh2h1
26.Ke2 Qh1xg2
27.Re1g1 Rd8e8
28.Nd2e4 Qg2f3
29.Kf1 dxe4
30.dxe4 Bg7xc3
31.bxc3 Re8xe4
32.Rg1g3 Rh8h1
{ resign }
0-1

[Event "Match"]
[Site "www.echecsemail.com"]
[Date "2017.07.25"]
[Round "1"]
[White "Llord"]
[Black "Cjood"]
[WhiteElo "1950"]
[BlackElo "1980"]
[Result "1/2-1/2"]
[Round "1"]
1.e4 e5
2.Ng1f3 Ng8f6
3.Nb1c3 Bf8c5
4.Bf1c4 Qd8e7
5.O-O c6
6.Rf1e1 Nf6g4
7.d4 Bc5b6
8.Bc1e3 d6
9.Be3g5 f6
10.Bg5h4 exd4
11.Nf3xd4 Bb6xd4
12.Qd1xd4 g5
13.Bh4g3 Ng4e5
14.Bc4b3 a5
15.a4 Nb8d7
16.h3 c5
17.Qd4e3 h5
18.Nc3d5 Qe7d8
19.Ra1d1 h4
20.Bg3h2 c4
21.Bb3a2 Ra8b8
22.Bh2xe5 Nd7xe5
23.Nd5b6 Bc8e6
24.b3 cxb3
25.Ba2xb3 Be6xb3
26.Qe3xb3 g4
27.Qb3e6 Qd8e7
28.Qe6xe7 Kxe7
29.Nb6d5 Ke6
30.Nd5f4 Ke7
31.hxg4 Rh8g8
32.Nf4d5 Ke6
33.f3 Rb8c8
34.c3 Rc8c4
35.Rd1a1 { draw }
1/2-1/2

[Event "Match"]
[Site "www.echecsemail.com"]
[Date "2017.07.25"]
[Round "1"]
[White "Cjood"]
[Black "Pellix84"]
[WhiteElo "1940"]
[BlackElo "2110"]
[Result "1-0"]
[Round "1"]
1.e4 c5
2.Bf1c4 e6
3.d4 cxd4
4.Ng1f3 Qd8c7
5.b3 Nb8c6
6.Bc1b2 Bf8b4
7.Nb1d2 Ng8f6
8.O-O Qc7f4
9.g3 Qf4h6
10.Bb2c1 Qh6h5
11.h4 Bb4c3
12.Ra1b1 O-O
13.Bc1b2 d5
14.Bc4e2 Qh5g6
15.Be2d3 Nf6xe4
16.Nd2xe4 dxe4
17.Bd3xe4 Qg6xe4
18.Bb2xc3 dxc3
19.Nf3g5 Qe4d4
20.Qd1h5 h6
21.Ng5f3 Qd4f6
22.Nf3h2 Nc6e5
23.f4 Ne5c6
24.g4 Nc6b4
25.Rb1d1 b6
26.g5 hxg5
27.hxg5 Qf6e7
28.Rf1f3 Qe7c5
29.Kf1 Bc8a6
30.Kg2 Ba6b7
31.Rd1h1 Ra8d8
32.Nh2f1 Bb7xf3
33.Kxf3 f6
34.Qh5h7 Kf7
35.g6 Ke8
36.Kg3 Rd8d7
37.Qh7h3 Qc5d5
38.Nf1e3 Qd5d2
39.Qh3xe6 Rd7e7
40.Qe6c8 Qd2d8
41.Qc8xc3 Nb4xa2
42.Qc3c6 Re7d7
43.Rh1e1 Qd8e7
44.Ne3g2 Qe7xe1
45.Ng2xe1 f5
46.Qc6e6 Rd7e7
47.Qe6c8 
1-0

[Event "1/4 Finale"]
[Site "www.chess-mail.com"]
[Date "2017.07.25"]
[Round "1"]
[White "Buchauer"]
[Black "Conde7"]
[WhiteElo "2800"]
[BlackElo "2880"]
[Result "1/2-1/2"]
[Round "1"]
1.e4 e5
2.Ng1f3 Nb8c6
3.Bf1b5 a6
4.Bb5a4 Ng8f6
5.O-O Bf8e7
6.Rf1e1 b5
7.Ba4b3 O-O
8.c3 d5
9.exd5 Nf6xd5
10.Nf3xe5 Nc6xe5
11.Re1xe5 c6
12.d4 Be7d6
13.Re5e1 Qd8h4
14.g3 Qh4h3
15.Bc1e3 Bc8e6
16.Qd1f3 a5
17.Qf3g2 Qh3f5
18.Bb3d1 b4
19.c4 Nd5xe3
20.fxe3 Be6xc4
21.Nb1d2 Bc4b5
22.Ra1c1 Ra8d8
23.Bd1b3 Qf5d7
24.Bb3c4 Rf8e8
25.Nd2b3 a4
26.Nb3a5 Bd6f8
27.Bc4xb5 cxb5
28.Na5c6 Rd8c8
29.g4 a3
30.bxa3 bxa3
31.d5 b4
32.Qg2f3 Bf8d6
33.h4 f6
34.e4 Rc8c7
35.h5 g6
36.h6 Rc7b7
37.Kg2 b3
38.axb3 a2
39.Rc1c3 Re8a8
40.Re1a1 Qd7e8
41.Rc3c4 Qe8f8
42.e5 Bd6xe5
43.Nc6xe5 fxe5
44.Qf3xf8 { draw }
1/2-1/2

[Event "1/128 Finale"]
[Site "www.chess-mail.com"]
[Date "2017.07.25"]
[Round "1"]
[White "Hennie4820"]
[Black "Carebear"]
[WhiteElo "2070"]
[BlackElo "1809"]
[Result "0-1"]
[Round "1"]
1.e4 e5
2.Ng1f3 Nb8c6
3.Bf1c4 Bf8c5
4.d4 Bc5xd4
5.Nf3xd4 Nc6xd4
6.Bc1e3 Nd4c6
7.O-O Ng8f6
8.Nb1c3 d6
9.f4 Nf6g4
10.Be3d2 exf4
11.Bd2xf4 O-O
12.h3 Ng4e5
13.Bc4b3 Bc8e6
14.Qd1e2 Nc6d4
15.Qe2f2 Nd4xb3
16.cxb3 a6
17.Nc3d5 Ne5c6
18.Qf2g3 Kh8
19.Bf4g5 f6
20.Bg5e3 Rf8e8
21.Ra1d1 Be6f7
22.Be3d2 Re8xe4
23.Bd2c3 Bf7xd5
24.Rd1xd5 Qd8e7
25.Rd5h5 Nc6e5
26.Bc3xe5 Re4xe5
27.Qg3g6 Re5xh5
28.Qg6xh5 Ra8e8
29.Qh5f3 Qe7e3
{ resign }
0-1

[Event "1/128 Finale"]
[Site "www.chess-mail.com"]
[Date "2017.07.25"]
[Round "1"]
[White "Claudia"]
[Black "Pyssso"]
[WhiteElo "2000"]
[BlackElo "1809"]
[Result "1-0"]
[Round "1"]
1.e4 c6
2.Ng1f3 d5
3.e5 Bc8g4
4.d4 e6
5.Bf1d3 c5
6.c3 Nb8c6
7.Nb1d2 cxd4
8.cxd4 Nc6xd4
9.Qd1a4 { resign }
1-0

[Event "Fast Game"]
[Site "www.echecsemail.com"]
[Date "2017.07.25"]
[Round "1"]
[White "Pyssso"]
[Black "Pellix84"]
[WhiteElo "1599"]
[BlackElo "1660"]
[Result "0-1"]
[Round "1"]
1.d4 Ng8f6
2.Ng1f3 d6
3.g3 Nb8d7
4.Bf1g2 e5
5.c4 exd4
6.Nf3xd4 Bf8e7
7.O-O O-O
8.Nb1c3 c6
9.e4 Rf8e8
10.b3 Be7f8
11.Bc1b2 Nd7c5
12.Rf1e1 Nf6g4
13.Qd1c2 Ng4e5
14.f4 Ne5d3
15.Bb2a3 Nd3xe1
{ resign }
0-1

[Event "Tourn. n9435"]
[Site "www.chess-mail.com"]
[Date "2017.07.26"]
[Round "1"]
[White "Add"]
[Black "Estonia"]
[WhiteElo "2250"]
[BlackElo "2020"]
[Result "0-1"]
[Round "1"]
1.c4 e5
2.Nb1c3 Ng8f6
3.a3 Bf8c5
4.e3 d5
5.d4 exd4
6.exd4 Bc5e7
7.h3 O-O
8.Bf1d3 dxc4
9.Bd3xc4 Nb8c6
10.Ng1f3 Bc8f5
11.O-O Bf5e4
12.Nc3xe4 Nf6xe4
13.Bc1e3 Ne4g5
14.d5 Ng5xf3
15.Qd1xf3 Nc6e5
16.Qf3e4 Ne5xc4
17.Qe4xc4 Be7d6
18.b4 a6
19.Be3c5 b5
20.Qc4b3 Qd8g5
21.Bc5xd6 cxd6
22.f4 Qg5f6
23.Qb3d3 Ra8c8
24.a4 Rc8c3
25.Qd3d2 Rc3g3
26.axb5 axb5
27.Ra1a5 Rf8b8
28.Qd2f2 Qf6g6
29.Kh1 h5
30.Rf1e1 Rg3b3
31.Qf2a7 Rb8c8
32.Ra5xb5 Rb3b2
33.Re1g1 Rc8c2
{ resign }
0-1

[Event "Tourn. n9426"]
[Site "www.chess-mail.com"]
[Date "2017.07.26"]
[Round "1"]
[White "Fedallah"]
[Black "Falcoale"]
[WhiteElo "1930"]
[BlackElo "1960"]
[Result "1-0"]
[Round "1"]
1.e4 c5
2.Ng1f3 e6
3.d4 cxd4
4.Nf3xd4 Nb8c6
5.Nb1c3 a6
6.Bc1e3 Ng8f6
7.Bf1d3 d6
8.O-O Bf8e7
9.Kh1 O-O
10.f4 Nc6b4
11.a3 Nb4xd3
12.Qd1xd3 Nf6d7
13.Nd4f3 b5
14.Ra1d1 Nd7f6
15.e5 Nf6g4
16.Be3g1 d5
17.h3 Ng4h6
18.Nf3d4 Bc8b7
19.f5 Nh6xf5
20.Nd4xf5 exf5
21.Qd3xf5 Bb7c8
22.Qf5f3 Bc8b7
23.Bg1d4 Bb7c6
24.Qf3g4 Bc6d7
25.e6 f6
26.exd7 Rf8f7
27.Nc3xd5 Kh8
28.Qg4e6 Qd8f8
29.Nd5xe7 Rf7xe7
30.Qe6d5 Ra8d8
31.Bd4c5 Re7xd7
32.Qd5xd7 Rd8xd7
33.Rd1xd7 { resign }
1-0

[Event "Tourn. n9352"]
[Site "www.chess-mail.com"]
[Date "2017.07.26"]
[Round "1"]
[White "Seger"]
[Black "Ssharp"]
[WhiteElo "2650"]
[BlackElo "2310"]
[Result "1-0"]
[Round "1"]
1.e4 e6
2.d4 d5
3.Nb1d2 c5
4.exd5 exd5
5.Ng1f3 Ng8f6
6.Bf1b5 Bc8d7
7.Bb5xd7 Nb8xd7
8.O-O Bf8e7
9.dxc5 Nd7xc5
10.Nd2b3 O-O
11.Nb3xc5 Be7xc5
12.Bc1g5 Bc5e7
13.c3 h6
14.Bg5e3 b6
15.Qd1a4 Qd8c7
16.Rf1e1 Rf8e8
17.Ra1d1 Be7d6
18.g3 a6
19.Be3d4 Nf6d7
20.Re1xe8 Ra8xe8
21.Qa4xa6 Qc7c6
22.b4  { time }
1-0

[Event "Tourn. n9441"]
[Site "www.chess-mail.com"]
[Date "2017.07.26"]
[Round "1"]
[White "Griffo30"]
[Black "Madz123456"]
[WhiteElo "2070"]
[BlackElo "2010"]
[Result "1-0"]
[Round "1"]
1.d4 Ng8f6
2.c4 e6
3.Nb1c3 Bf8b4
4.Qd1c2 O-O
5.a3 Bb4xc3
6.Qc2xc3 b6
7.Bc1g5 Bc8b7
8.f3 h6
9.Bg5h4 d5
10.e3 Nb8d7
11.Ng1e2 Rf8e8
12.Ne2g3 g5
13.Bh4xg5  { time }
1-0

[Event "Tourn. n9432"]
[Site "www.chess-mail.com"]
[Date "2017.07.26"]
[Round "1"]
[White "Claymil"]
[Black "Cjood"]
[WhiteElo "2040"]
[BlackElo "1930"]
[Result "1/2-1/2"]
[Round "1"]
1.c4 g6
2.Nb1c3 Bf8g7
3.g3 Nb8c6
4.Bf1g2 Ng8f6
5.e3 O-O
6.Ng1e2 e5
7.O-O Rf8e8
8.a3 b6
9.b4 a6
10.Bc1b2 Bc8b7
11.d4 exd4
12.exd4 Ra8b8
13.Rf1e1 d6
14.Qd1d2 Nf6g4
15.h3 Bg7h6
16.Qd2d3 Ng4f6
17.f4 Nc6e7
18.d5 c6
19.dxc6 Ne7xc6
20.Ne2d4 Nc6xd4
21.Qd3xd4 Bb7xg2
22.Kxg2 Re8xe1
23.Ra1xe1 Bh6g7
24.Qd4d2 Rb8b7
25.Nc3e4 Nf6xe4
26.Re1xe4 Bg7xb2
27.Qd2xb2 Qd8a8
28.Kf2 a5
29.Qb2e2 Rb7b8
30.Re4e7 axb4
31.axb4 Qa8a4
32.b5 Rb8c8
33.Re7e8 Rc8xe8
34.Qe2xe8 Kg7
35.Qe8e2 Qa4b4
36.Qe2d3 h5
37.Kf3 Kh6
38.Qd3d4 Kh7
39.Qd4d3 Qb4c5
{ draw }
1/2-1/2

[Event "Tourn. n9405"]
[Site "www.chess-mail.com"]
[Date "2017.07.26"]
[Round "1"]
[White "Astroboy"]
[Black "Falcoale"]
[WhiteElo "2209"]
[BlackElo "2020"]
[Result "1-0"]
[Round "1"]
1.e4 c5
2.Nb1c3 e6
3.f4 Nb8c6
4.Ng1f3 a6
5.d4 cxd4
6.Nf3xd4 Bf8b4
7.Nd4xc6 bxc6
8.Qd1d4 c5
9.Qd4xg7 Qd8f6
10.Qg7xf6 Ng8xf6
11.Bc1d2 Bc8b7
12.e5 Nf6d5
13.Nc3xd5 Bb7xd5
14.c3 Bb4a5
15.Bd2e3 Ra8c8
16.Bf1xa6 Rc8c7
17.O-O Rh8g8
18.Rf1f2 Ba5b6
19.a4 Rc7a7
20.Ba6b5 h5
21.b4 Ra7c7
22.a5 Bb6a7
23.Bb5e2 cxb4
24.Be3xa7 Rc7xa7
25.cxb4 h4
26.h3 Ke7
27.b5 Ra7a8
28.b6 Rg8g7
29.a6 Ra8g8
30.Be2g4 Rg7xg4
31.hxg4 Rg8xg4
32.Kh2 Rg4g8
33.Rf2b2 Rg8g4
34.b7 { resign }
1-0

[Event "Tourn. n9366"]
[Site "www.chess-mail.com"]
[Date "2017.07.26"]
[Round "1"]
[White "Falcoale"]
[Black "Julian"]
[WhiteElo "1980"]
[BlackElo "1840"]
[Result "1-0"]
[Round "1"]
1.e4 c5
2.Ng1f3 Nb8c6
3.d4 cxd4
4.Nf3xd4 d6
5.Bc1e3 Ng8f6
6.Nb1c3 a6
7.a3 e5
8.Nd4f5 Bc8xf5
9.exf5 d5
10.Be3g5 d4
11.Nc3e4 Qd8a5
12.b4 Nc6xb4
13.axb4 Bf8xb4
14.Ne4d2 Qa5c5
15.Bf1e2 O-O
16.Bg5xf6 gxf6
17.O-O Rf8c8
18.Nd2e4 Qc5e7
19.Be2d3 Qe7d8
20.Qd1h5 Bb4f8
21.f4 Bf8g7
22.Rf1f3 Qd8f8
23.Rf3h3 h6
24.Rh3g3 Kh7
25.Qh5h4 b5
26.Ne4xf6 Bg7xf6
27.Qh4xf6 Rc8d8
28.Qf6xe5 f6
29.Qe5c7 Kh8
30.Ra1e1 Rd8e8
31.Re1xe8 Ra8xe8
32.Qc7c6 Re8e3
33.Rg3g6 Kh7
34.Rg6xf6 Qf8e7
35.Rf6xh6 { resign }
1-0

[Event "Tourn. n9377"]
[Site "www.chess-mail.com"]
[Date "2017.07.26"]
[Round "1"]
[White "Conde7"]
[Black "Darko10"]
[WhiteElo "2890"]
[BlackElo "2800"]
[Result "1/2-1/2"]
[Round "1"]
1.e4 e5
2.Ng1f3 Nb8c6
3.Bf1b5 a6
4.Bb5a4 Ng8f6
5.d3 Bf8c5
6.O-O b5
7.Ba4b3 d6
8.a4 Bc8g4
9.c3 O-O
10.h3 Bg4xf3
11.Qd1xf3 Nc6a5
12.Bb3c2 b4
13.Nb1d2 Ra8b8
14.Qf3e2 Rf8e8
15.Nd2f3 b3
16.Bc2b1 d5
17.d4 exd4
18.cxd4 dxe4
19.dxc5 exf3
20.Qe2xf3 Na5c4
21.Qf3c3 Qd8d5
22.Bc1f4 h5
23.Bf4xc7 Rb8c8
24.Bc7f4 Nf6e4
25.Qc3f3 Nc4xb2
26.Ra1a3 Ne4f6
27.Qf3c3 Nb2c4
28.Ra3xb3 Rc8xc5
29.Qc3a1 Qd5c6
30.Rf1d1 Nf6e4
31.Rb3f3 Nc4e5
32.Bf4xe5 Rc5xe5
33.Rf3e3 Re5e6
34.Bb1a2 { draw }
1/2-1/2

[Event "Tourn. n9441"]
[Site "www.chess-mail.com"]
[Date "2017.07.26"]
[Round "1"]
[White "Madz123456"]
[Black "Ranjachess"]
[WhiteElo "2010"]
[BlackElo "1850"]
[Result "0-1"]
[Round "1"]
1.e4 e5
2.Ng1f3 Nb8c6
3.Bf1b5 Qd8f6
4.Nb1c3 Bf8c5
5.Nc3d5 Qf6d6
6.c3 Ng8f6
7.d4 exd4
8.Bc1f4 Qd6f8
9.Nd5xc7 Ke7
10.b4 Bc5b6
11.Nc7xa8 d6
12.Na8xb6 axb6
13.Nf3xd4 Bc8d7
14.Nd4xc6 Bd7xc6
 { time }
0-1

[Event "Match"]
[Site "www.echecsemail.com"]
[Date "2017.07.26"]
[Round "1"]
[White "Billyg"]
[Black "Aliboron"]
[WhiteElo "1710"]
[BlackElo "1479"]
[Result "1-0"]
[Round "1"]
1.e4 Ng8f6
2.Nb1c3 e5
3.d3 d5
4.h3 Bf8c5
5.Ng1f3 Nb8c6
6.Qd1e2 O-O
7.Bc1g5 dxe4
8.O-O-O exf3
9.Qe2xf3 Rf8e8
10.Bg5xf6 Qd8xf6
11.Qf3xf6 gxf6
12.Nc3d5 Bc5xf2
13.Nd5xc7 Bc8e6
14.Nc7xa8 Re8xa8
15.Rh1h2 Bf2g3
16.Rh2h1 Be6d5
17.Kb1 Nc6b4
18.b3 Ra8c8
19.Bf1e2 Rc8xc2
20.Be2f3 Bd5xf3
21.gxf3 Rc2xa2
22.Rh1g1 Kf8
23.Rg1xg3 Ra2f2
24.d4 exd4
25.Rd1xd4 Nb4c6
26.Rd4c4  { time }
1-0

[Event "Match"]
[Site "www.echecsemail.com"]
[Date "2017.07.26"]
[Round "1"]
[White "Cjood"]
[Black "Juodivarnai"]
[WhiteElo "1910"]
[BlackElo "2060"]
[Result "0-1"]
[Round "1"]
1.e4 c5
2.c3 Ng8f6
3.Qd1c2 Nb8c6
4.g3 d5
5.exd5 Nf6xd5
6.Bf1g2 e5
7.Qc2e4 Bc8e6
8.Ng1e2 Bf8d6
9.d3 O-O
10.O-O Qd8d7
11.Nb1a3 a6
12.c4 f5
13.Qe4h4 Nd5f6
14.f4 exf4
15.Ne2xf4 Nc6d4
16.Nf4xe6 Nd4xe6
17.Rf1xf5 Ne6d4
18.Rf5g5 Bd6e7
19.Qh4h6 Nf6e8
20.Bg2d5 Kh8
21.Qh6h4 Be7xg5
22.Bc1xg5 Qd7f5
23.Bd5e4 Nd4f3
24.Be4xf3 Qf5xf3
25.Ra1d1 Qf3xd1
26.Kg2 Qd1f1

0-1

[Event "Match"]
[Site "www.echecsemail.com"]
[Date "2017.07.26"]
[Round "1"]
[White "Andregor"]
[Black "Woadman62"]
[WhiteElo "2490"]
[BlackElo "2670"]
[Result "0-1"]
[Round "1"]
1.e4 e5
2.Ng1f3 Ng8f6
3.Nf3xe5 d6
4.Ne5f3 Nf6xe4
5.Qd1e2 Qd8e7
6.d3 Ne4f6
7.Bc1g5 Nb8d7
8.Nb1c3 Qe7xe2
9.Bf1xe2 h6
10.Nc3b5 Nf6d5
11.Bg5d2 a6
12.Nb5c3 Nd5xc3
13.Bd2xc3 Nd7b6
14.b3 Nb6d5
15.Bc3b2 Bc8d7
16.O-O O-O-O
17.g3 Rd8e8
18.Rf1e1 Rh8g8
19.Nf3d4 c6
20.c4 Nd5c7
21.Nd4c2 g6
22.Be2f3 f5
23.Re1xe8 Bd7xe8
24.Ra1e1 Bf8g7
25.Bb2xg7 Rg8xg7
26.b4 Be8d7
27.Nc2d4 Kd8
28.a4 Rg7e7
29.Re1xe7 Kxe7
30.a5 d5
31.cxd5 cxd5
32.Bf3d1 Kd6
33.f4 Bd7b5
34.Bd1c2 Nc7e6
35.Nd4xe6 Kxe6
36.d4 Kf6
37.Bc2d1 Ke7
38.Kf2 Ke6
39.Bd1c2 { time. }
0-1

[Event "Match"]
[Site "www.echecsemail.com"]
[Date "2017.07.26"]
[Round "1"]
[White "Rindrandria"]
[Black "Ranjachess"]
[WhiteElo "1740"]
[BlackElo "1810"]
[Result "0-1"]
[Round "1"]
1.e4 e5
2.Qd1h5 Nb8c6
3.Ng1h3 Ng8f6
4.Qh5e2 d5
5.exd5 Qd8xd5
6.Nb1c3 Qd5a5
7.Qe2c4 Bc8e6
8.Qc4d3 Nc6b4
9.Qd3b5 Qa5xb5
10.Bf1xb5 c6
11.Bb5a4 b5
12.a3 Nb4d3
13.cxd3 bxa4
14.Nc3xa4 Ra8d8
15.f4 Be6xh3
16.O-O Rd8d4
17.gxh3 Rd4xa4
18.fxe5 Nf6d5
19.b3 Ra4a5
20.Bc1b2 c5
21.Rf1f5 Ra5b5
22.Ra1f1 Rb5xb3
23.Rf5xf7 Rb3xb2
24.Rf7xa7 Bf8e7
25.Rf1f2 Rh8f8
26.Ra7a8 Kd7
27.Ra8xf8 Be7xf8
28.Rf2xf8 Rb2xd2
29.Rf8f7 Ke6
30.Rf7xg7 Rd2xd3
31.Rg7xh7 c4
32.Rh7h6 Kxe5
33.a4 c3
34.Rh6c6 Nd5b4
35.Rc6c8 c2
36.Kg2 Kf4
37.Rc8c4 Ke5
38.Kf1 Rd3xh3
39.Kg2 Rh3a3
40.Rc4xc2 Nb4xc2
41.a5 Nc2b4
42.h4 Kf4
43.a6 Kg4
44.a7 Ra3a2
45.Kf1 Kf3
46.h5 Ra2a1

0-1

[Event "Match"]
[Site "www.echecsemail.com"]
[Date "2017.07.26"]
[Round "1"]
[White "Mdesouza"]
[Black "Said1991"]
[WhiteElo "2270"]
[BlackElo "1809"]
[Result "1-0"]
[Round "1"]
1.e4 c5
2.Ng1f3 Nb8c6
3.c3 d6
4.d4 cxd4
5.cxd4 Ng8f6
6.Nb1c3 Bc8g4
7.Bf1e2 e6
8.O-O Bf8e7
9.Bc1e3 O-O
10.h3 Bg4h5
11.Qd1d2 d5
12.e5 Nf6e4
13.Qd2d1 Ne4xc3
14.bxc3 Ra8c8
15.Nf3h2 Bh5xe2
16.Qd1xe2 Nc6a5
17.Ra1c1 Na5c4
18.f4 Qd8a5
19.f5 Nc4xe3
20.Qe2xe3 Rf8d8
21.Nh2g4 exf5
22.Rf1xf5 Rc8c6
23.Qe3f3 Rd8f8
24.a4 g6
25.Ng4f6 Be7xf6
26.exf6 Qa5d8
27.Rc1f1 Rc6d6
28.Qf3f4 Kh8
29.Qf4h6 Rf8g8
30.Rf1f4 Qd8f8
31.Qh6xf8 Rg8xf8
32.Rf5e5 h5
33.Re5e7 Rd6a6
34.Re7xb7 Ra6xa4
35.g4 hxg4
36.hxg4 Kg8
37.Rf4f3 Rf8e8
38.Rb7e7 Re8b8
39.Kg2 Rb8d8
40.Kg3 Kf8
41.Kf4 a5
42.Re7e2 Rd8d6
{ time. }
1-0

[Event "Match"]
[Site "www.echecsemail.com"]
[Date "2017.07.26"]
[Round "1"]
[White "Joseph1983"]
[Black "Liencam2"]
[WhiteElo "2180"]
[BlackElo "2260"]
[Result "1-0"]
[Round "1"]
1.e4 c5
2.Ng1f3 e6
3.d4 cxd4
4.Nf3xd4 a6
5.c4 Ng8f6
6.Nb1c3 Qd8c7
7.a3 b6
8.Bf1e2 Bc8b7
9.Be2f3 d6
10.b3 Nb8d7
11.Bc1b2 Bf8e7
12.g3 O-O
13.O-O Nd7e5
14.Bf3g2 Ra8d8
15.Ra1c1 Nf6d7
16.f4 Ne5g6
17.f5 exf5
18.Nd4xf5 Nd7e5
19.Nc3d5 Bb7xd5
20.exd5 Rf8e8
21.Kh1 Be7g5
22.Rc1c2 Ne5g4
23.Qd1xg4 { resign }
1-0

[Event "Match"]
[Site "www.echecsemail.com"]
[Date "2017.07.26"]
[Round "1"]
[White "Vios"]
[Black "Cal"]
[WhiteElo "1199"]
[BlackElo "1640"]
[Result "1-0"]
[Round "1"]
1.e4 e5
2.f4 exf4
3.Ng1f3 d6
4.d4 Ng8f6
5.Nb1c3 a6
6.Bc1xf4 h6
7.Bf1d3 Bc8g4
8.h3 Bg4xf3
9.Qd1xf3 Bf8e7
10.O-O-O O-O
11.g4 Nb8c6
12.Bf4e3 b5
13.h4 Qd8d7
14.Rd1g1 Nf6h7
15.g5 hxg5
16.hxg5 g6
17.Nc3d5 b4
18.Nd5f6 Be7xf6
19.gxf6 Qd7e6
20.Qf3h5 Rf8d8
21.Qh5xh7 Kf8
22.Qh7h8 { resign }
1-0

[Event "Match"]
[Site "www.echecsemail.com"]
[Date "2017.07.26"]
[Round "1"]
[White "Coraza"]
[Black "Paco"]
[WhiteElo "1760"]
[BlackElo "1900"]
[Result "1-0"]
[Round "1"]
1.c4 d5
2.cxd5 Qd8xd5
3.Nb1c3 Qd5a5
4.Ng1f3 e5
5.d4 Bf8b4
6.Bc1d2 exd4
7.Nf3xd4 c5
8.Nd4b3 Qa5b6
9.Nc3d5 Bb4xd2
10.Qd1xd2 Qb6c6
11.g3 Bc8e6
12.Bf1g2 Be6xd5
13.Bg2xd5 Qc6c7
14.Ra1c1 Ng8f6
15.Rc1xc5 Nb8c6
16.O-O O-O-O
17.Rf1c1 Nf6xd5
18.Rc5xd5 Rd8d7
19.Rd5xd7 Qc7xd7
20.Qd2xd7 Kxd7
21.Nb3c5 Kc7
22.Nc5e4 Rh8e8
23.Ne4c3 f5
24.f4 Kb8
25.Kf2 h5
26.h4 a6
27.e3 Re8d8
28.e4 Rd8d2
29.Ke3 Rd2xb2
30.exf5 Rb2g2
31.Kf3 Rg2d2
32.Nc3e4 Rd2xa2
33.g4 Ra2a3
34.Kg2 Ra3a4
35.Rc1e1 hxg4
36.Kg3 b5
37.Kxg4 b4
38.Re1b1 a5
39.h5 Nc6d4
40.Ne4c5 Ra4a2
41.Kg5 Kc7
42.Nc5e6 Nd4xe6
43.fxe6 Kd6
44.f5 Ke7
45.Kg6 Ra2g2
46.Kh7 Kf6
47.Rb1e1 Ke7
48.Re1a1 b3
49.Ra1xa5 Rg2a2
50.Ra5b5 b2
51.Kxg7 Ra2a5
52.Rb5xb2 Ra5xf5
53.h6 Rf5g5
54.Kh7 Kxe6
55.Rb2e2 Kf7
56.Re2f2 Ke8
57.Kh8 Rg5h5
58.Kg7 Rh5g5
59.Kf6 Rg5g8
60.h7 Rg8h8
61.Kg7 Rh8xh7
62.Kxh7 Kd7
63.Rf2e2 Kd6
64.Kg6 Kd7
65.Kf6 Kd6
66.Re2d2 Kc5
67.Ke5 Kc4
68.Rd2d5 Kc3
69.Rd5d4 Kc2
70.Ke4 Kb3
71.Kd3 Kb2
72.Rd4b4 Kc1
73.Kc3 Kd1
74.Rb4b2 Ke1
75.Kd3 Kd1
76.Rb2b1 { resign }
1-0

[Event "1/64 Finale"]
[Site "www.chess-mail.com"]
[Date "2017.07.26"]
[Round "1"]
[White "Churrasca"]
[Black "Redabond"]
[WhiteElo "1940"]
[BlackElo "1660"]
[Result "1-0"]
[Round "1"]
1.e4 e5
2.Ng1f3 Bf8c5
3.d3 Ng8f6
4.Nf3xe5 O-O
5.Bf1e2 Nf6g4
6.Ne5xg4 d6
7.O-O Bc8xg4
8.Be2xg4 Nb8c6
9.Nb1c3 Qd8f6
10.Nc3d5 Qf6d8
11.c3 Nc6e7
12.Nd5xe7 Qd8xe7
13.a4 Qe7f6
14.Bc1e3 Bc5xe3
15.fxe3 Qf6e7
16.Qd1b3 Ra8b8
17.Rf1f4 a6
18.Ra1f1 c6
19.Rf4xf7 Rf8xf7
20.Rf1xf7 Qe7h4
21.Rf7xb7 Kf8
22.Rb7xb8 Ke7
23.Qb3d1 { resign }
1-0

[Event "1/128 Finale"]
[Site "www.chess-mail.com"]
[Date "2017.07.26"]
[Round "1"]
[White "Llord"]
[Black "Gvladutz"]
[WhiteElo "1900"]
[BlackElo "2329"]
[Result "0-1"]
[Round "1"]
1.e4 c5
2.Bf1c4 e6
3.Ng1f3 d5
4.exd5 exd5
5.Bc4b5 Nb8c6
6.O-O Ng8f6
7.Rf1e1 Bf8e7
8.d4 O-O
9.dxc5 Be7xc5
10.Nb1c3 Qd8b6
11.Bc1e3 d4
12.Nc3a4 Qb6xb5
13.Na4xc5 dxe3
14.Nc5b3 exf2
15.Kxf2 Qb5b6
16.Kf1 Bc8e6
17.g3 Be6h3
18.Ke2 Ra8d8
19.Qd1c1 Rf8e8
{ resign }
0-1